Болезни томатов в Армянской ССР и меры борьбы с ними = (Record no. 422074)
[ view plain ]
| 000 -LEADER | |
|---|---|
| fixed length control field | 01485nam a2200265 u 4500 |
| 003 - CONTROL NUMBER IDENTIFIER | |
| control field | AM-YeHGA |
| 005 - DATE AND TIME OF LATEST TRANSACTION | |
| control field | 20250618075020.0 |
| 008 - FIXED-LENGTH DATA ELEMENTS--GENERAL INFORMATION | |
| fixed length control field | 030425s1939 ai f||||r|||||001|||rus|| |
| 040 ## - CATALOGING SOURCE | |
| Original cataloging agency | AM-YeHGA |
| 041 0# - LANGUAGE CODE | |
| Language code of text/sound track or separate title | rus |
| 090 ## - LOCALLY ASSIGNED LC-TYPE CALL NUMBER (OCLC); LOCAL CALL NUMBER (RLIN) | |
| -- | 424490 |
| 100 2# - MAIN ENTRY--PERSONAL NAME | |
| Personal name | Տետերևնիկովա-Բաբայան, Դարյա Նիկոլայի, |
| Dates associated with a name | 1904-1988 |
| 9 (RLIN) | 8891 |
| 245 10 - TITLE STATEMENT | |
| Title | Болезни томатов в Армянской ССР и меры борьбы с ними = |
| Remainder of title | Տոմատի հիվանդությունները Հայկական ԽՍՀ-ում և պայքարը նրանց դեմ / |
| Statement of responsibility, etc. | Д.Н. Тетеревникова-Бабаян, Н.А. Кечек; НКЗ Арм. ССР, Республик. науч.-исслед. ст. полеводства - отд. защиты раст. |
| 246 11 - VARYING FORM OF TITLE | |
| Title proper/short title | Տոմատի հիվանդությունները Հայկական ԽՍՀ-ում և պայքարը նրանց դեմ |
| 260 ## - PUBLICATION, DISTRIBUTION, ETC. | |
| Place of publication, distribution, etc. | Ереван : |
| Name of publisher, distributor, etc. | [Б. и.], |
| Date of publication, distribution, etc. | 1939. |
| 300 ## - PHYSICAL DESCRIPTION | |
| Extent | 96 с. : |
| Other physical details | табл. ; |
| Dimensions | 20 см. |
| 490 1# - SERIES STATEMENT | |
| Series statement | Научная серия |
| Volume/sequential designation | № 2(10) |
| 504 ## - BIBLIOGRAPHY, ETC. NOTE | |
| Bibliography, etc. note | Библиогр. : с. 84-89 |
| 650 14 - SUBJECT ADDED ENTRY--TOPICAL TERM | |
| Topical term or geographic name entry element | Овощеводство |
| General subdivision | томаты - болезнь |
| 700 1# - ADDED ENTRY--PERSONAL NAME | |
| Personal name | Кечек, Н.А |
| 710 2# - ADDED ENTRY--CORPORATE NAME | |
| Corporate name or jurisdiction name as entry element | НКЗ Арм. ССР |
| 710 2# - ADDED ENTRY--CORPORATE NAME | |
| Corporate name or jurisdiction name as entry element | Республиканская научно-исследовательская станция полеводства, отдел защиты растений |
| 830 #0 - SERIES ADDED ENTRY--UNIFORM TITLE | |
| Uniform title | Научная серия |
| Volume/sequential designation | № 2(10) |
| 942 ## - ADDED ENTRY ELEMENTS (KOHA) | |
| Source of classification or shelving scheme | Universal Decimal Classification |
| Koha item type | Գրքեր / Books |
| Withdrawn status | Lost status | Source of classification or shelving scheme | Damaged status | Not for loan | Collection | Home library | Current library | Date acquired | Total checkouts | Full call number | Barcode | Date last seen | Price effective from | Koha item type | Public note |
|---|---|---|---|---|---|---|---|---|---|---|---|---|---|---|---|
| Universal Decimal Classification | General | Fundamental Scientific Library | Fundamental Scientific Library | 10/12/2018 | РД II/26920 | FL0533855 | 10/12/2018 | 10/12/2018 | Գրքեր / Books | 30 Days Loan |
ՀՀ Գիտությունների ազգային ակադեմիայի հիմնարար գիտական գրադարան = Fundamental Scientific Library of NAS RA
All site content, except where otherwise noted, is licensed under a